000 00356nam a2200145Ia 4500
008 240624s9999 xx 000 0 und d
041 _aeng
082 _a658.8342 SCH
100 _aSCHIFFMAN LEON G
245 _aCONSUMER BEHAVIOR
250 _a(8th ed.)
260 _c2004
_aNew Delhi
_bPrentice-Hall
300 _axxii, : 587 : p. : cm. ; 24
365 _cRS
999 _c292
_d292